|
|
|
|
| LEADER |
00000nab a2200000 a 4500 |
| 001 |
vtls000744977 |
| 003 |
SK-MaSNL |
| 005 |
20260305032839.0 |
| 008 |
180206c2000 xo 0 slo |
| 015 |
|
|
|a SNBRB2001/01-00624
|
| 035 |
|
|
|a CLN000096813
|
| 040 |
|
|
|a SNKBUCL
|b slo
|c SNKBUCL
|e AACR2
|
| 041 |
0 |
|
|a slo
|
| 044 |
|
|
|a xo
|c SK
|
| 080 |
|
|
|a 394.2:663.2
|2 UDC-MRF-SK2
|
| 100 |
1 |
|
|a Oravcová, Natália
|4 aut
|9 5790
|
| 245 |
1 |
0 |
|a Na niekoľko dúškov
|b o kultúrnom programe Malokarpatského vinobrania v Modre
|c Natália Oravcová
|
| 611 |
1 |
7 |
|a Malokarpatské vinobranie
|d 2000
|c Modra, Slovensko
|2 snkbucl
|9 1612627
|
| 651 |
|
7 |
|a Pezinok (Slovensko : okres)
|2 snkbucl
|9 71003
|
| 655 |
|
7 |
|a články z novín a časopisov
|2 snkbucl
|9 267496
|
| 773 |
0 |
|
|x 1335-4515
|t Národná osveta
|g Roč. 10, č. 21-22 (2000), s. 31
|
| 850 |
|
|
|a Slovenská národná knižnica v Martine
|
| 852 |
|
|
|a SNK
|b KIS3GCP
|
| 958 |
|
|
|a RBX
|
| 999 |
|
|
|c 3321913
|d 3323843
|